Historia de la música / (Record no. 80157)

MARC details
000 -LEADER
campo de control de longitud fija 00599nam a2200205 i 4500
001 - NÚMERO DE CONTROL
campo de control 80157
003 - IDENTIFICADOR DE NÚMERO DE CONTROL
campo de control ES-MaACL
005 - FECHA Y HORA DE LA ÚLTIMA TRANSACCIÓN
campo de control 20250823100553.0
007 - CAMPO FIJO DE DESCRIPCIÓN FÍSICA--INFORMACIÓN GENERAL
campo de control de longitud fija t|
008 - DATOS DE LONGITUD FIJA--INFORMACIÓN GENERAL
campo de control de longitud fija 041026s1970 sp ||||1| spa d
100 1# - ENTRADA PRINCIPAL--NOMBRE DE PERSONA
Nombre de persona Honolka, Kurt.
9 (RLIN) 64133
245 10 - MENCIÓN DEL TÍTULO
Título Historia de la música /
Mención de responsabilidad, etc. Kurt Honolka, Lukas Richter, Paul Neltl.
260 ## - PUBLICACIÓN, DISTRIBUCIÓN, ETC.
Lugar de publicación, distribución, etc. Madrid :
Nombre del editor, distribuidor, etc. Edaf,
Fecha de publicación, distribución, etc. [1970]
300 ## - DESCRIPCIÓN FÍSICA
Extensión 485 p. :
Otras características físicas il. ;
Dimensiones 28 cm.
650 #4 - PUNTO DE ACCESO ADICIONAL DE MATERIA--TÉRMINO DE MATERIA
Término de materia o nombre geográfico como elemento de entrada Música-
Subdivisión de forma Historia
9 (RLIN) 15391
700 1# - ENTRADA AGREGADA--NOMBRE PERSONAL
Nombre de persona Richter, Lukas.
9 (RLIN) 96982
700 1# - ENTRADA AGREGADA--NOMBRE PERSONAL
Nombre de persona Neltl, Paul.
9 (RLIN) 85372
852 ## - LOCALIZACIÓN
Ubicación ES-MaACL
Número de control de estantería C-37486
Sublocalización o colección R.74541
Holdings
Estatus retirado Estado de pérdida Estado de daño No para préstamo Biblioteca de origen Biblioteca actual Ubicación en estantería Fecha de adquisición Fuente de adquisición Total de préstamos Signatura topográfica completa Código de barras Visto por última vez Precio de reemplazo Tipo de ítem Koha
        Biblioteca del Ateneo de Madrid Biblioteca del Ateneo de Madrid Depósito 2 17/01/2008     C-37486 1083807 23/02/2023 23/02/2023 Libro impreso